000 00383 a2200145 4500
001 169888
020 _a
040 _cMagnum
100 _aAgencia Regional de Noticias
240 1 0 _aClipping em educacao - 15/01/01 a 21/01/01 - ano ii - nº 71
_lpor
245 1 0 _aClipping em educacao - 15/01/01 a 21/01/01 - ano ii - nº 71
362 0 _a1899
697 _aGERAL
942 _cBK
999 _c169888
_d169888